[Event "Metz op 20th"]
[Site "Metz"]
[Date "2002.04.15"]
[Round "3"]
[White "Zelcic, Robert"]
[Black "Filipek, Jakub"]
[Result "1-0"]
[WhiteElo "2544"]
[BlackElo "2383"]
[PlyCount "91"]
[EventDate "2002.04.13"]
[Source "ChessBase"]
[SourceDate "2002.05.03"]

1. e4 b6 2. d4 Bb7 3. Bd3 e6 4. Nf3 c5 5. O-O cxd4 6. Nxd4 Nc6 7. Nxc6 Bxc6 8. a4 Qh4 9. Nd2 Nf6 10. h3 Bc5 11. Nf3 Qh5 12. Re1 O-O 13. Bg5 h6 14. Bxf6 gxf6 15. Qd2 Kh8 16. b4 Bd6 17. Be2 Bc7 18. Ra3 Rg8 19. Ne5 Qh4 20. Nxf7+ Kh7 21. Bg4 Rxg4 22. hxg4 Qh2+ 23. Kf1 Bf4 24. Qd3 Qh1+ 25. Ke2 Qxg2 26. Kd1 Qxg4+ 27. f3 Qh5 28. b5 Qxf7 29. bxc6 dxc6 30. e5+ f5 31. Qd6 c5 32. Rd3 Re8 33. a5 bxa5 34. Qxc5 Qb7 35. Qc4 Bg3 36. Rf1 Rc8 37. Qb3 Qc7 38. f4 Bh4 39. Rh1 Qg7 40. Rxh4 Qg1+ 41. Kd2 Qf2+ 42. Kc1 Qxh4 43. Qb7+ Kg6 44. Qxc8 Qxf4+ 45. Kb1 Qxe5 46. Qg8+ 1-0

[Event "EU-ch 3rd"]
[Site "Batumi"]
[Date "2002.06.16"]
[Round "5"]
[White "Chibukhchian, Artur"]
[Black "Gelashvili, Tamaz"]
[Result "0-1"]
[WhiteElo "2379"]
[BlackElo "2547"]
[PlyCount "108"]
[EventDate "2002.06.12"]
[Source "ChessBase"]
[SourceDate "2002.09.20"]

1. d4 g6 2. e4 Bg7 3. Nf3 c6 4. c4 d5 5. exd5 cxd5 6. cxd5 Nf6 7. Bb5+ Bd7 8. Bc4 b5 9. Bb3 O-O 10. a3 Na6 11. Nc3 b4 12. axb4 Nxb4 13. Ne5 Bc8 14. h4 Bb7 15. h5 Nbxd5 16. hxg6 hxg6 17. Qd3 Qc8 18. Ra5 Rd8 19. Bg5 Qe6 20. O-O Ng4 21. Nxf7 Qxf7 22. Qe4 Ngf6 23. Bxf6 exf6 24. Bxd5 Rxd5 25. Rxd5 Rc8 26. Ra1 f5 27. Qf3 Bxd4 28. Qd3 Bxd5 29. Qxd4 Bb7 30. Rxa7 Rc7 31. Qd8+ Kg7 32. Qd4+ Kg8 33. Ra1 Rd7 34. Qe5 Re7 35. Qb8+ Kg7 36. Rd1 Qf6 37. Qf4 Qc6 38. Qd4+ Kf7 39. f3 Qe6 40. Kf2 g5 41. Rh1 Kg6 42. Rd1 Kf7 43. b4 Bc6 44. Rh1 Kg6 45. Rd1 Kf7 46. Qc5 g4 47. b5 Bb7 48. Qd4 Qh6 49. Qc4+ Kg7 50. Qd4+ Kh7 51. Qd6 Qe3+ 52. Kg3 gxf3 53. Rh1+ Kg7 54. Qf4 fxg2+ 0-1

[Event "Houston"]
[Site "Houston, TX USA"]
[Date "1974.??.??"]
[Round "?"]
[White "Mednis, Edmar J"]
[Black "Grefe, John A"]
[Result "1/2-1/2"]
[WhiteElo "2455"]
[BlackElo "2470"]
[PlyCount "24"]
[EventDate "1974.??.??"]
[Source "www.chesslib.no"]
[SourceDate "2004.05.04"]

1. e4 g6 2. d4 Bg7 3. Nf3 c5 4. dxc5 Qa5+ 5. Nc3 Bxc3+ 6. bxc3 Qxc3+ 7. Bd2 Qxc5 8. Bd3 d6 9. O-O Nf6 10. Bh6 Nbd7 11. Rb1 a6 12. Qd2 Ng4 1/2-1/2

[Event "Camp. svizzero a sq. - Lucerna-Mendrisi"]
[Site "Svizzera"]
[Date "2008.06.22"]
[Round "5.2"]
[White "Zueger, Beat"]
[Black "Glek, Igor"]
[Result "0-1"]
[WhiteElo "2383"]
[BlackElo "2540"]
[PlyCount "92"]
[EventDate "2007.06.27"]
[Source "www.chesslib.no"]
[SourceDate "2004.05.04"]

1. d4 e6 2. e4 b6 3. Nf3 Bb7 4. Bd3 c5 5. O-O cxd4 6. Nxd4 Bc5 7. Be3 Nf6 8. Nb5 d6 9. Bxc5 bxc5 10. e5 dxe5 11. Be2 Bc6 12. N1c3 a6 13. Qxd8+ Kxd8 14. Nd6 Ke7 15. Nc4 e4 16. Rfe1 Rd8 17. Bf1 Ra7 18. Na5 Ba8 19. Na4 Rc7 20. Nb6 Nc6 21. Nxc6+ Bxc6 22. a4 a5 23. Nc4 Ra7 24. Ne5 Ba8 25. Ra3 Rb8 26. Bb5 Ne8 27. Rc3 Rc7 28. Bxe8 Kxe8 29. Nc4 Bd5 30. Nd6+ Ke7 31. Nb5 Rc6 32. Na7 Ra6 33. Nb5 Rc8 34. Rg3 g6 35. Nc3 Rb6 36. b3 c4 37. Nb5 cxb3 38. cxb3 f5 39. Rh3 h5 40. Rg3 Kf6 41. h4 Rbc6 42. Kf1 f4 43. Rh3 Rc1 44. Rxc1 Rxc1+ 45. Ke2 Rc2+ 46. Ke1 Ke5 0-1

[Event "Dubai op"]
[Site "Dubai"]
[Date "2001.04.22"]
[Round "7"]
[White "Ravi, Thandalam Shanmugam"]
[Black "Arkhipov, Sergey"]
[Result "1-0"]
[WhiteElo "2385"]
[BlackElo "2531"]
[PlyCount "63"]
[EventDate "2001.04.15"]
[Source "ChessBase"]
[SourceDate "2001.07.05"]

1. e4 g6 2. d4 Bg7 3. Nf3 c5 4. c3 cxd4 5. cxd4 d5 6. e5 Bg4 7. Nc3 Nc6 8. Bb5 Nh6 9. Be3 O-O 10. h3 Bxf3 11. Qxf3 Nf5 12. Rd1 e6 13. O-O Rc8 14. Qe2 Qb6 15. Bxc6 Rxc6 16. Qd2 f6 17. exf6 Bxf6 18. Ne2 Rc7 19. Rc1 Rcf7 20. Rc2 Bh4 21. Rfc1 Nxe3 22. fxe3 Bf2+ 23. Kh1 Qd8 24. Qd3 Qg5 25. Nf4 Qg3 26. Nxe6 Re8 27. Rc8 Rfe7 28. Qb5 Rxc8 29. Rxc8+ Kf7 30. Nf4 Bxe3 31. Qxd5+ Kg7 32. Nh5+ 1-0

[Event "Buenos Aires"]
[Site "Buenos Aires ARG"]
[Date "1988.??.??"]
[Round "?"]
[White "Najdorf, Miguel"]
[Black "Tempone, Marcelo J"]
[Result "1/2-1/2"]
[WhiteElo "2465"]
[BlackElo "2450"]
[PlyCount "42"]
[EventDate "1988.04.??"]
[Source "www.chesslib.no"]
[SourceDate "2004.05.04"]

1. d4 g6 2. e4 Bg7 3. Nf3 c6 4. c4 d5 5. cxd5 cxd5 6. e5 Nc6 7. h3 Bf5 8. Nc3 e6 9. Be2 Be4 10. O-O Bxf3 11. Bxf3 Qb6 12. Be3 Nge7 13. Na4 Qd8 14. Nc5 Rb8 15. g4 O-O 16. Bg2 b6 17. Nd3 Qd7 18. Qd2 Rfc8 19. Rac1 Na5 20. b3 Rxc1 21. Rxc1 Rc8 1/2-1/2

[Event "Linares ESP"]
[Site "Linares ESP"]
[Date "1993.??.??"]
[Round "8"]
[White "Espinosa, Rafael MEX"]
[Black "Hergott, Deen"]
[Result "0-1"]
[WhiteElo "2460"]
[BlackElo "2450"]
[PlyCount "128"]
[EventDate "1993.??.??"]
[Source "www.chesslib.no"]
[SourceDate "2004.05.04"]

1. e4 g6 2. d4 Bg7 3. Nc3 c5 4. dxc5 Qa5 5. Nf3 Bxc3+ 6. bxc3 Qxc3+ 7. Bd2 Qxc5 8. Bd3 d6 9. O-O Nd7 10. Be3 Qc7 11. Re1 Ngf6 12. Bf4 e5 13. Bh6 Ng4 14. Bg5 h6 15. Bc1 Nc5 16. Ba3 O-O 17. h3 Nf6 18. Qd2 Kg7 19. Qc3 b6 20. Nd2 Nh5 21. Nc4 Be6 22. Bf1 Rac8 23. Rad1 Bxc4 24. Qxc4 Rfd8 25. Rd2 Qc6 26. Qc3 Qa4 27. Qf3 Nf6 28. Rde2 Ne6 29. Bc1 Nd4 30. Bxh6+ Kxh6 31. Qxf6 Nxe2+ 32. Bxe2 Qxe4 33. Qxf7 Rxc2 34. Kf1 Rdc8 35. f3 Qf4 36. Qe6 Rc1 37. Qxd6 Rxe1+ 38. Kxe1 Qh4+ 39. Kf1 Rc1+ 40. Bd1 Qc4+ 41. Ke1 Qc3+ 42. Ke2 Qc4+ 43. Ke1 Qf4 44. Qd8 Qb4+ 45. Ke2 Qc4+ 46. Kd2 Rxd1+ 47. Kxd1 Qf1+ 48. Kd2 Qxg2+ 49. Ke1 Qg1+ 50. Ke2 Qg2+ 51. Ke1 Qxf3 52. Qh8+ Kg5 53. Qxe5+ Kh4 54. Qc7 Kxh3 55. Qxa7 Qe3+ 56. Kd1 g5 57. a4 g4 58. a5 Qd4+ 59. Ke2 Qe4+ 60. Kf1 Qf5+ 61. Kg1 Qe4 62. Kf1 g3 63. Qd7+ Kh2 64. Qd6 Qe3 0-1

[Event "RUS-ch sf"]
[Site "?"]
[Date "2003.??.??"]
[Round "8"]
[White "Nikolenko Oleg"]
[Black "Piraev Philip"]
[Result "1-0"]
[WhiteElo "2522"]
[BlackElo "2384"]
[PlyCount "39"]
[EventDate "2003.??.??"]
[Source "www.chesslib.no"]
[SourceDate "2004.05.04"]

1. e4 c5 2. Nf3 Qb6 3. Nc3 Nc6 4. Bb5 e6 5. O-O d6 6. Re1 Bd7 7. Bxc6 Bxc6 8. Nd5 Bxd5 9. exd5 e5 10. c3 f6 11. d4 Ne7 12. Qa4+ Kf7 13. Qd7 g6 14. Bg5 fxg5 15. Nxg5+ Kf6 16. f4 h5 17. dxe5+ dxe5 18. d6 c4+ 19. Kh1 exf4 20. Ne4+ 1-0

[Event "Paks Atom Cup GM"]
[Site "Paks"]
[Date "1997.??.??"]
[Round "3"]
[White "Vadasz, Laszlo"]
[Black "Arkhipov, Sergey"]
[Result "0-1"]
[WhiteElo "2365"]
[BlackElo "2540"]
[PlyCount "76"]
[EventDate "1997.??.??"]
[Source "www.chesslib.no"]
[SourceDate "2004.05.04"]

1. Nf3 g6 2. d4 Bg7 3. e4 c5 4. c3 cxd4 5. cxd4 d5 6. exd5 Nf6 7. Bb5+ Nbd7 8. d6 exd6 9. Qe2+ Qe7 10. Bf4 Qxe2+ 11. Bxe2 Ke7 12. Nc3 Nb6 13. O-O h6 14. Rfe1 Be6 15. Rac1 a6 16. Bd1 Kd7 17. Bb3 Bxb3 18. axb3 Nbd5 19. Bd2 Rhe8 20. Kf1 Nc7 21. h3 Nfd5 22. Nxd5 Nxd5 23. Rxe8 Rxe8 24. Re1 Rxe1+ 25. Kxe1 Kc6 26. Be3 f5 27. g4 Ne7 28. Ke2 Kd5 29. Kd3 fxg4 30. hxg4 h5 31. gxh5 gxh5 32. Ng1 Ke6 33. Ke4 d5+ 34. Kf3 Kf5 35. Ne2 h4 36. Nf4 Nc6 37. Ne2 Na5 38. Nc1 Bf6 0-1

[Event "It (Men) Copenhagen DEN"]
[Site "?"]
[Date "2005.07.23"]
[Round "9"]
[White "Sorensen Torben N"]
[Black "Kurnosov Igor"]
[Result "0-1"]
[WhiteElo "2355"]
[BlackElo "2549"]
[PlyCount "54"]
[EventDate "2005.??.??"]
[Source "www.chesslib.no"]
[SourceDate "2004.05.04"]

1. Nf3 g6 2. e4 Bg7 3. d4 c5 4. c3 cxd4 5. cxd4 d5 6. e5 Nc6 7. h3 f6 8. exf6 Nxf6 9. Be2 O-O 10. O-O Kh8 11. Be3 Be6 12. Nc3 Ne4 13. Rc1 Rc8 14. Qa4 Qd7 15. Qa3 Nd6 16. Rfd1 Nf5 17. Na4 Ncxd4 18. Nxd4 Nxd4 19. Bxd4 Bxd4 20. Bf3 Rxc1 21. Rxc1 b6 22. Nc3 Bg7 23. Rd1 d4 24. Ne2 Bc4 25. Nxd4 Bxd4 26. Qb4 Rxf3 27. gxf3 Qxh3 0-1

[Event "Jch-RUS b20"]
[Site "Essentuki"]
[Date "2003.03.05"]
[Round "4"]
[White "Kurnosov, Igor"]
[Black "Rodchenkov, Vitaly"]
[Result "1-0"]
[WhiteElo "2477"]
[BlackElo "2417"]
[PlyCount "37"]
[EventDate "2003.03.02"]
[Source "Roberto Alvarez"]
[SourceDate "2003.03.10"]

1. e4 c5 2. Nf3 Qb6 3. d4 cxd4 4. c3 d3 5. Bxd3 Nc6 6. O-O d6 7. c4 g6 8. Nc3 Nf6 9. Nd5 Nxd5 10. cxd5 Ne5 11. Be3 Nxf3+ 12. Qxf3 Qd8 13. Bd4 f6 14. Qe3 Qa5 15. a4 Bg7 16. b4 Qxb4 17. a5 e5 18. dxe6 Qb3 19. e5 1-0

[Event "ISR-chT"]
[Site "Israel"]
[Date "2001.04.27"]
[Round "8"]
[White "Tsesarsky, Ilya"]
[Black "Postny, Evgeny"]
[Result "1-0"]
[WhiteElo "2450"]
[BlackElo "2432"]
[PlyCount "67"]
[EventDate "2001.02.??"]
[Source "ChessBase"]
[SourceDate "2001.05.17"]

1. Nf3 g6 2. e4 Bg7 3. d4 c5 4. c3 cxd4 5. cxd4 d5 6. e5 Nc6 7. Nc3 Bg4 8. Be3 Bxf3 9. Qxf3 e6 10. O-O-O a6 11. Kb1 b5 12. g4 h5 13. h3 Qa5 14. Qg2 Rc8 15. f4 Nge7 16. Rc1 Nb4 17. a3 Nbc6 18. Na2 Kd7 19. Bd3 Qb6 20. Qf2 Bf8 21. f5 gxf5 22. gxf5 Bh6 23. f6 Nxe5 24. fxe7 Nxd3 25. Rxc8 Rxc8 26. Qxf7 Re8 27. Bxh6 Qxd4 28. Nc3 Rxe7 29. Qxh5 b4 30. axb4 Qxb4 31. Qe2 Nc5 32. Bf8 Re8 33. Bxc5 Qxc5 34. Re1 1-0

[Event "Vienna Open"]
[Site "Vienna AUT"]
[Date "1991.??.??"]
[Round "2"]
[White "Salaba, Jiri"]
[Black "Kengis, Edvins"]
[Result "0-1"]
[WhiteElo "2335"]
[BlackElo "2545"]
[PlyCount "76"]
[EventDate "1991.10.??"]
[Source "www.chesslib.no"]
[SourceDate "2004.05.04"]

1. e4 b6 2. d4 Bb7 3. Bd3 e6 4. Nf3 c5 5. O-O cxd4 6. Nxd4 d6 7. c4 Nd7 8. Nc3 Ngf6 9. Qe2 Be7 10. b3 O-O 11. Bb2 Rc8 12. Rad1 Qc7 13. Bb1 a6 14. f4 Rfe8 15. Kh1 Rcd8 16. Rf3 Bf8 17. Re3 g6 18. Qf3 Bg7 19. Qh3 Nc5 20. Qh4 Qe7 21. b4 Ncd7 22. a3 e5 23. Nde2 exf4 24. Rh3 h5 25. Qxf4 Ne5 26. Nd5 Bxd5 27. exd5 Nfg4 28. Bd4 Nxc4 29. Bxg7 Kxg7 30. Ng3 Qe5 31. Qxc4 Nf2+ 32. Kg1 Nxd1 33. Nf1 Rc8 34. Qd3 Rc1 35. Ba2 Ne3 36. Rf3 Nxf1 37. Rxf1 Rxf1+ 38. Qxf1 Qd4+ 0-1

[Event "Zeleny Shum (Russia)"]
[Site "?"]
[Date "2000.??.??"]
[Round "4"]
[White "Komliakov Viktor"]
[Black "Kovchan Alexander"]
[Result "1/2-1/2"]
[WhiteElo "2453"]
[BlackElo "2420"]
[PlyCount "76"]
[EventDate "2000.??.??"]
[Source "www.chesslib.no"]
[SourceDate "2004.05.04"]

1. e4 g6 2. d4 Bg7 3. Nc3 c5 4. dxc5 Qa5 5. Nf3 Bxc3+ 6. bxc3 Qxc3+ 7. Bd2 Qxc5 8. Bd3 Nf6 9. O-O O-O 10. e5 Ng4 11. Rb1 Qc7 12. Qe2 Nc6 13. Rfe1 d6 14. exd6 Qxd6 15. Bc3 b6 16. Qd2 Bf5 17. h3 Nf6 18. Qh6 Bxd3 19. cxd3 Rfe8 20. Re3 Qc5 21. Rc1 Qh5 22. Qxh5 Nxh5 23. Re4 Nd8 24. g4 Ng7 25. Bxg7 Kxg7 26. Nd4 Rb8 27. Nb5 Ne6 28. Nc7 Rec8 29. Nxe6+ fxe6 30. Rxc8 Rxc8 31. Rxe6 Kf7 32. Re2 Rc1+ 33. Kg2 Rd1 34. Re3 Rd2 35. a4 Ra2 36. Re4 Ra3 37. Rd4 Kf6 38. f4 h5 1/2-1/2

[Event "Beijing"]
[Site "Beijing"]
[Date "1992.??.??"]
[Round "5"]
[White "Sitanggang, Salor"]
[Black "Xie Jun"]
[Result "0-1"]
[WhiteElo "2390"]
[BlackElo "2480"]
[PlyCount "46"]
[EventDate "1992.??.??"]
[Source "ChessBase"]

1. d4 g6 2. Nf3 Bg7 3. c3 c5 4. e4 cxd4 5. cxd4 d5 6. e5 Nc6 7. Nc3 Bg4 8. Be3 Nh6 9. Qb3 O-O 10. Qxb7 Rc8 11. Qb3 Nf5 12. Rd1 Bxf3 13. gxf3 e6 14. h4 Nxh4 15. f4 Nf5 16. Qa4 Na5 17. Bd3 Nc4 18. Bxc4 Rxc4 19. Qxa7 Qc8 20. Qa3 Qb7 21. Rd2 Rb8 22. Ke2 Bf8 23. Qb3 Qa6 0-1

[Event "Dallas"]
[Site "?"]
[Date "2000.??.??"]
[Round "?"]
[White "Formanek Edward W"]
[Black "Wojtkiewicz Aleksander"]
[Result "0-1"]
[WhiteElo "2305"]
[BlackElo "2563"]
[PlyCount "94"]
[EventDate "2000.??.??"]
[Source "www.chesslib.no"]
[SourceDate "2004.05.04"]

1. d4 g6 2. e4 Bg7 3. Nf3 c5 4. c3 cxd4 5. cxd4 d5 6. exd5 Nf6 7. Bb5+ Bd7 8. Bc4 O-O 9. Nc3 Bg4 10. O-O Nbd7 11. h3 Nb6 12. Bb3 Bf5 13. Re1 Nbxd5 14. Nxd5 Nxd5 15. Bxd5 Qxd5 16. Rxe7 Be4 17. Qe2 f5 18. Bf4 Rfc8 19. Be5 Bf8 20. Rc7 Rxc7 21. Bxc7 Rc8 22. Be5 Rc2 23. Qe3 Rxb2 24. Qg5 Bxf3 25. gxf3 Qxf3 26. Rf1 Rb6 27. Qd8 Kf7 28. d5 Qe4 29. Qd7+ Kg8 30. Bc7 Rf6 31. Qb5 f4 32. Qxb7 Rf5 33. Bd8 Rxd5 34. Qb3 Qd3 35. Bc7 g5 36. Rc1 Qxb3 37. axb3 Bc5 38. h4 h6 39. hxg5 hxg5 40. Kg2 Kf7 41. Rc4 Ke6 42. b4 Bd4 43. Bb8 Rd8 44. Bc7 Rd7 45. Ba5 g4 46. f3 g3 47. Bc7 Kf5 0-1

[Event "Dato Arthur Tan Malaysian Op"]
[Site "Kuala Lumpur MAS"]
[Date "2007.08.21"]
[Round "3"]
[White "Rahman, Zia"]
[Black "Mok Tze Meng"]
[Result "1-0"]
[WhiteElo "2522"]
[BlackElo "2346"]
[PlyCount "67"]
[EventDate "2007.08.20"]
[Source "www.chesslib.no"]
[SourceDate "2004.05.04"]

1. d4 g6 2. e4 Bg7 3. Nf3 c6 4. c4 d5 5. cxd5 cxd5 6. e5 Nc6 7. h3 f6 8. Bb5 Nh6 9. O-O O-O 10. Nc3 Nf7 11. exf6 exf6 12. Re1 Qd6 13. Ba4 Be6 14. Bf4 Qd7 15. Rc1 Bh6 16. Bxc6 bxc6 17. Bxh6 Nxh6 18. Na4 Rfe8 19. Nc5 Qd6 20. Nxe6 Rxe6 21. Rxe6 Qxe6 22. Qa4 Rc8 23. Qxa7 Qf7 24. Qa6 Qd7 25. b4 Nf5 26. b5 Ne7 27. b6 Rb8 28. a4 Nc8 29. a5 Nd6 30. Qd3 Nc4 31. Rxc4 dxc4 32. Qxc4+ Kh8 33. Qc5 Ra8 34. a6 1-0

[Event "Koop Tjuchem (open), Groningen NED"]
[Site "Groningen"]
[Date "1996.??.??"]
[Round "?"]
[White "Degraeve, JM."]
[Black "Lelchuk, Z."]
[Result "1-0"]
[WhiteElo "2515"]
[BlackElo "2350"]
[PlyCount "51"]
[EventDate "1996.??.??"]
[Source "www.chesslib.no"]
[SourceDate "2004.05.04"]

1. d4 e6 2. e4 b6 3. Nf3 Bb7 4. Bd3 c5 5. O-O cxd4 6. Nxd4 d6 7. f4 Nd7 8. Kh1 Ngf6 9. Qe2 Qc7 10. Nb5 Qc6 11. N1c3 Be7 12. e5 dxe5 13. fxe5 Nxe5 14. Nd4 Qc5 15. Nb3 Qc7 16. Bf4 Nfd7 17. Bb5 f6 18. Nd4 Qd6 19. Rad1 O-O-O 20. Nc6 Qc5 21. Ne4 Nxc6 22. Nxc5 Nxc5 23. Bxc6 Bxc6 24. b4 Ne4 25. Qa6+ Bb7 26. Qc4+ 1-0

[Event "NED-chT"]
[Site "NED"]
[Date "2000.02.27"]
[Round "4"]
[White "Cuijpers, Frans Andre"]
[Black "Jadoul, Michel"]
[Result "1/2-1/2"]
[WhiteElo "2466"]
[BlackElo "2397"]
[PlyCount "28"]
[EventDate "2000.02.05"]
[Source "www.chesslib.no"]
[SourceDate "2004.05.04"]

1. e4 b6 2. d4 Bb7 3. Bd3 e6 4. Nf3 c5 5. O-O cxd4 6. Nxd4 Nc6 7. Be3 Nf6 8. Nc3 Ne5 9. Bf4 Nxd3 10. Qxd3 a6 11. Rad1 Be7 12. Rfe1 b5 13. Nb3 O-O 14. Bd6 b4 1/2-1/2

[Event "Bucuresti"]
[Site "?"]
[Date "1993.??.??"]
[Round "?"]
[White "Panchenko, A.N."]
[Black "Ardeleanu, A."]
[Result "1/2-1/2"]
[WhiteElo "2475"]
[BlackElo "2385"]
[PlyCount "45"]
[EventDate "1993.??.??"]
[Source "ChessBase"]
[SourceDate "1994.02.01"]

1. d4 g6 2. Nf3 Bg7 3. e4 c5 4. c3 cxd4 5. cxd4 d5 6. e5 Bg4 7. Be2 Nc6 8. O-O Nh6 9. Nc3 Nf5 10. Be3 O-O 11. h3 Bxf3 12. Bxf3 e6 13. Bg4 Nxe3 14. fxe3 Qg5 15. Qd3 h5 16. Be2 f6 17. exf6 Rxf6 18. Rxf6 Bxf6 19. Rf1 Rf8 20. h4 Qh6 21. g3 Bd8 22. Rxf8+ Kxf8 23. Kg2 1/2-1/2

[Event "Buenos Aires Ejercito op"]
[Site "?"]
[Date "1998.??.??"]
[Round "9"]
[White "Malbran Guillermo"]
[Black "Fiorito Fabian"]
[Result "0-1"]
[WhiteElo "2430"]
[BlackElo "2425"]
[PlyCount "46"]
[EventDate "1998.??.??"]
[Source "www.chesslib.no"]
[SourceDate "2004.05.04"]

1. e4 c5 2. c3 g6 3. Nf3 Bg7 4. Bc4 d6 5. Qa4+ Nc6 6. d4 cxd4 7. Nxd4 Qc7 8. Be3 Nf6 9. f3 O-O 10. Nd2 a6 11. Be2 Bd7 12. Qd1 d5 13. O-O Rad8 14. Nxc6 Bxc6 15. Qc2 b5 16. Bd4 e5 17. Bf2 Qb7 18. exd5 Nxd5 19. Nb3 Qe7 20. Bc5 Qg5 21. Bxf8 Ne3 22. Bd3 Nxc2 23. Bxg7 Nxa1 0-1

[Event "Wichern op 5th"]
[Site "Hamburg"]
[Date "1999.10.18"]
[Round "5.17"]
[White "Zierke, Oliver"]
[Black "Oral, Tomas"]
[Result "0-1"]
[WhiteElo "2314"]
[BlackElo "2541"]
[PlyCount "82"]
[EventDate "1999.10.15"]
[Source "www.chesslib.no"]
[SourceDate "2004.05.04"]

1. d4 e6 2. Nf3 b6 3. e4 Bb7 4. Bd3 c5 5. O-O cxd4 6. Nxd4 a6 7. Nc3 Qc7 8. Re1 d6 9. Qg4 Nf6 10. Qg3 Nbd7 11. Kh1 g6 12. f4 e5 13. fxe5 dxe5 14. Nf3 Bg7 15. Bg5 O-O 16. Qh4 Nh5 17. Be7 Rfe8 18. Nd5 Bxd5 19. exd5 Bf6 20. Bxf6 Nhxf6 21. Rad1 Qd6 22. c4 Kg7 23. Re3 Re7 24. Rde1 Rae8 25. Bc2 b5 26. b3 bxc4 27. bxc4 Nc5 28. Qg5 h6 29. Qg3 Nh5 30. Qg4 Nf6 31. Qg3 Nh5 32. Qg4 e4 33. Nd4 Re5 34. Rf1 Rg5 35. Qh4 Qe5 36. Nc6 Qd6 37. Nd4 Ree5 38. Rd1 Nf6 39. Qf4 Nd3 40. Qh4 Qc5 41. Nc6 Qxe3 0-1

[Event "Autumn"]
[Site "Venice"]
[Date "2003.11.02"]
[Round "6"]
[White "Godena, Michele"]
[Black "Dragojlovic, Andjelko"]
[Result "1-0"]
[WhiteElo "2523"]
[BlackElo "2327"]
[PlyCount "85"]
[EventDate "2003.10.30"]
[Source "Roberto Alvarez"]
[SourceDate "2003.11.10"]

1. e4 c5 2. c3 g6 3. Nf3 Bg7 4. Bc4 e6 5. O-O Ne7 6. Bb3 d5 7. exd5 Nxd5 8. d4 cxd4 9. Nxd4 O-O 10. Nd2 Nc6 11. N2f3 Nxd4 12. Nxd4 h6 13. Re1 a6 14. Qf3 Kh7 15. a4 Qa5 16. Bxd5 Qxd5 17. Qxd5 exd5 18. Be3 Bxd4 19. Bxd4 Be6 20. f3 Rfe8 21. Re5 Kg8 22. Rae1 Bd7 23. a5 Re6 24. Rxe6 fxe6 25. g4 Kf7 26. Re5 Ke7 27. h4 Be8 28. Kf2 h5 29. Kg3 hxg4 30. fxg4 Ba4 31. Rg5 Bc2 32. h5 gxh5 33. gxh5 Kd6 34. Be5+ Kc6 35. Rg7 b6 36. h6 bxa5 37. h7 Bxh7 38. Rxh7 Rg8+ 39. Rg7 Re8 40. Kf4 a4 41. Ke3 a3 42. bxa3 Kb6 43. Rg4 1-0

[Event "Budapest HUN"]
[Site "?"]
[Date "2005.06.11"]
[Round "8"]
[White "Paschall William M"]
[Black "Jakab Attila"]
[Result "1/2-1/2"]
[WhiteElo "2400"]
[BlackElo "2448"]
[PlyCount "59"]
[EventDate "2005.??.??"]
[Source "www.chesslib.no"]
[SourceDate "2004.05.04"]

1. Nf3 g6 2. e4 Bg7 3. d4 c5 4. c3 cxd4 5. cxd4 d5 6. e5 Nh6 7. h3 O-O 8. Nc3 Nc6 9. Bb5 Bd7 10. O-O Kh8 11. Re1 Nf5 12. Bf4 a6 13. Bf1 e6 14. Qd2 f6 15. Rad1 fxe5 16. dxe5 Rc8 17. g4 Nfe7 18. Ne2 g5 19. Nxg5 Ng6 20. Nf3 Ncxe5 21. Nxe5 Nxe5 22. Nd4 Ng6 23. Bg3 e5 24. Nf5 Bxf5 25. gxf5 Nf4 26. Bxf4 exf4 27. Qxd5 Qg5+ 28. Kh1 f3 29. Qxf3 Rxf5 30. Qxb7 1/2-1/2

[Event "RUS"]
[Site "?"]
[Date "2006.04.21"]
[Round "2"]
[White "Barskij Vladimir"]
[Black "Gubajdullin Alexey"]
[Result "0-1"]
[WhiteElo "2430"]
[BlackElo "2413"]
[PlyCount "72"]
[EventDate "2006.??.??"]
[Source "www.chesslib.no"]
[SourceDate "2004.05.04"]

1. e4 c5 2. c3 g6 3. Nf3 Bg7 4. Na3 Nf6 5. e5 Nd5 6. Bc4 Nb6 7. Bb3 O-O 8. Qe2 d5 9. h3 Bf5 10. d3 c4 11. Bc2 cxd3 12. Bxd3 Bxd3 13. Qxd3 Nc6 14. Bf4 Nd7 15. O-O-O e6 16. Rhe1 Qb8 17. Qe3 b5 18. Nd4 Bxe5 19. Bxe5 Ncxe5 20. Ndxb5 Nc4 21. Nxc4 Qxb5 22. Na3 Qb7 23. h4 Rab8 24. Re2 h5 25. f3 e5 26. Qd3 Nf6 27. g4 e4 28. fxe4 dxe4 29. Qd4 Nxg4 30. Nc4 Qa6 31. Rxe4 Qxa2 32. Re7 Qa1+ 33. Kc2 Qa4+ 34. Kb1 a6 35. Rf1 Qc6 36. Nd6 Qg2 0-1

[Event "Open 2003"]
[Site "Rabac"]
[Date "2003.??.??"]
[Round "7"]
[White "Ljubicic, Filip"]
[Black "Fercec, Nenad"]
[Result "0-1"]
[WhiteElo "2398"]
[BlackElo "2444"]
[PlyCount "76"]
[EventDate "2003.11.20"]
[Source "Roberto Alvarez"]
[SourceDate "2003.12.01"]

1. e4 c5 2. c3 g6 3. Nf3 Bg7 4. d4 cxd4 5. Bc4 d5 6. exd5 Nd7 7. Nxd4 Ngf6 8. O-O O-O 9. Bg5 Nb6 10. Bxf6 Bxf6 11. Qb3 Bd7 12. a4 Nxc4 13. Qxc4 Qb6 14. a5 Qxb2 15. Ra2 b5 16. axb6 Qxb6 17. Ra6 Rfc8 18. Nc6 Qb2 19. Na3 e6 20. Nb5 exd5 21. Qxd5 Bxc6 22. Rxc6 Rxc6 23. Qxc6 Rf8 24. c4 a5 25. Qa6 Bc3 26. c5 Qc2 27. Nxc3 Qxc3 28. c6 Re8 29. Rd1 Re1+ 30. Rxe1 Qxe1+ 31. Qf1 Qc3 32. Qa6 Qc1+ 33. Qf1 Qxc6 34. h3 a4 35. Qd1 Qa8 36. Qc2 a3 37. Qa2 h5 38. g3 Qa4 0-1

[Event "POL Ch 30th"]
[Site "Gdynia POL"]
[Date "1973.??.??"]
[Round "3"]
[White "Adamski, Jan"]
[Black "Filipowicz, Andrzej"]
[Result "1-0"]
[WhiteElo "2410"]
[BlackElo "2420"]
[PlyCount "119"]
[EventDate "1973.02.04"]
[Source "www.chesslib.no"]
[SourceDate "2004.05.04"]

1. Nf3 g6 2. e4 Bg7 3. c3 c5 4. Bc4 e6 5. O-O Nc6 6. d4 cxd4 7. Nxd4 Nxd4 8. cxd4 d5 9. exd5 exd5 10. Re1+ Ne7 11. Bb5+ Bd7 12. Qa4 a6 13. Bxd7+ Qxd7 14. Qa3 Bf6 15. Bh6 g5 16. Qf3 Qd6 17. Nc3 O-O-O 18. Bxg5 Bxg5 19. Qg4+ Kb8 20. Qxg5 Nc6 21. Rad1 Rhg8 22. Qf5 Rg6 23. g3 Rd7 24. a3 h6 25. Na4 Rf6 26. Re8+ Rd8 27. Rxd8+ Qxd8 28. Qh5 Ka7 29. Nc3 Ne7 30. Re1 Nc6 31. Qh4 Re6 32. Rxe6 Qxh4 33. gxh4 fxe6 34. Ne2 e5 35. dxe5 Nxe5 36. f4 Ng4 37. Nd4 Kb6 38. b4 a5 39. h3 Nf6 40. Kf2 axb4 41. axb4 Kc7 42. Ke3 Kd7 43. Nf5 h5 44. Ng3 Ke6 45. Kd4 Kd6 46. Nf5+ Ke6 47. Ng3 Kd6 48. Nf5+ Ke6 49. Ne3 Kd6 50. b5 Ke6 51. f5+ Kd6 52. b6 Kc6 53. Ke5 Nd7+ 54. Ke6 d4 55. Nc4 Nc5+ 56. Ke7 Kd5 57. Nb2 d3 58. f6 d2 59. f7 Ne6 60. Nd1 1-0

[Event "II Open"]
[Site "La Fere"]
[Date "2003.??.??"]
[Round "3.5"]
[White "Belkhodja, Slim"]
[Black "Piankov, Evgenij"]
[Result "0-1"]
[WhiteElo "2443"]
[BlackElo "2378"]
[PlyCount "150"]
[EventDate "2003.06.28"]
[Source "Roberto Alvarez"]
[SourceDate "2003.07.14"]

1. e4 g6 2. d4 Bg7 3. Nf3 c6 4. c4 d5 5. cxd5 cxd5 6. e5 Bg4 7. Nbd2 Nc6 8. Bb5 e6 9. h3 Bxf3 10. Bxc6+ bxc6 11. Nxf3 Ne7 12. O-O Qb6 13. Bg5 h6 14. Bf6 Bxf6 15. exf6 Ng8 16. Ne5 Rc8 17. Rc1 Rh7 18. Qa4 Nxf6 19. Rc3 Nd7 20. Nxc6 Qxb2 21. Rb3 Qc2 22. Nxa7 Rc4 23. Rb8+ Ke7 24. Qa3+ Kf6 25. Rb7 Rc7 26. Rfb1 Kg7 27. Qg3 Rxb7 28. Rxb7 Nf6 29. Nb5 g5 30. Nd6 Kg6 31. Kh2 Ne4 32. Nxe4 Qxe4 33. Qc3 Rh8 34. f3 Qf4+ 35. g3 Qd6 36. a4 Qa6 37. Qc2+ Kg7 38. Rb4 Rc8 39. Qf2 Rc1 40. Rb2 Qxa4 41. Rd2 Qc4 42. Kg2 Ra1 43. Kh2 Qc1 44. Qg2 Qe1 45. Re2 Qf1 46. Rd2 h5 47. Qxf1 Rxf1 48. Kg2 Rc1 49. h4 gxh4 50. gxh4 Kf6 51. Kg3 Kf5 52. Rd3 Rc8 53. Ra3 Rc4 54. Rd3 f6 55. Rd2 Ra4 56. Rd3 Kg6 57. Kf2 Kf7 58. Ke3 Ra1 59. Kf4 Rh1 60. Kg3 Kg6 61. Rd2 Kf5 62. Rd3 Rg1+ 63. Kf2 Rg8 64. Ra3 Kf4 65. Ra6 Rg3 66. Rxe6 Rxf3+ 67. Ke2 Kg4 68. Re8 Rf5 69. Ke3 Kxh4 70. Rg8 Kh3 71. Rg1 Kh2 72. Rg6 h4 73. Rg5 h3 74. Rg6 Kh1 75. Ke2 h2 0-1